Quyền lợi, nghĩa vụ của cán bộ, công chức, viên chức Luật viên chức 2011
Quyến sách nhằm giúp cho bạn đọc trong cả nước, những ai đang làm công tác trong các cơ quan, đơn vị nhà nước, đơn vị sự nghiệp công lập nắm bắt một cách có hệ thống các quy định của pháp luật về lĩnh vực mình đang công tác....
Shranjeno v:
| Format: | Knjiga |
|---|---|
| Jezik: | Undetermined |
| Izdano: |
Hà Nội
Lao động
2011
|
| Teme: | |
| Oznake: |
Označite
Brez oznak, prvi označite!
|
| Thư viện lưu trữ: | Trung tâm Học liệu Trường Đại học Cần Thơ |
|---|
| LEADER | 01024nam a2200205Ia 4500 | ||
|---|---|---|---|
| 001 | CTU_171463 | ||
| 008 | 210402s9999 xx 000 0 und d | ||
| 020 | |c 25000 | ||
| 082 | |a 344.597 | ||
| 082 | |b Qu527 | ||
| 245 | 0 | |a Quyền lợi, nghĩa vụ của cán bộ, công chức, viên chức Luật viên chức 2011 | |
| 260 | |a Hà Nội | ||
| 260 | |b Lao động | ||
| 260 | |c 2011 | ||
| 520 | |a Quyến sách nhằm giúp cho bạn đọc trong cả nước, những ai đang làm công tác trong các cơ quan, đơn vị nhà nước, đơn vị sự nghiệp công lập nắm bắt một cách có hệ thống các quy định của pháp luật về lĩnh vực mình đang công tác. | ||
| 650 | |a Law officers,Luật viên chức | ||
| 650 | |x Handbooks, manuals, etc,Hướng dẫn sử dụng | ||
| 650 | |z Vietnam,Việt Nam | ||
| 904 | |i Lien,Qhieu | ||
| 980 | |a Trung tâm Học liệu Trường Đại học Cần Thơ | ||